| 000 | 00000nam##2200000za#4500 |
| 001 | 9.635993 |
| 003 | CaOODSP |
| 005 | 20240710082140 |
| 007 | cr ||||||||||| |
| 008 | 150407|2008||||xxc|||||o f|0| 0 fre|d |
| 020 | |a978-1-100-90539-6 |
| 040 | |aCaOODSP|bfre |
| 043 | |an-cn--- |
| 086 | 1 |aMR21-136/2009F-PDF |
| 110 | 2 |aInstituts de recherche en santé du Canada. |
| 245 | 10|aDes connaissances à la pratique - recueil de cas d'application des connaissances |h[ressource électronique] |
| 260 | |aOttawa - Ontario : |bInstituts de recherche en santé du Canada |cc2008. |
| 300 | |a50p. |
| 590 | |a09-23|b2009-06-05 |
| 691 | 07|aEnseignement de la sécurité|2gcpds |
| 775 | 08|tKnowledge to action - a knowledge translation casebook |w(CaOODSP)9.691680 |
| 776 | 0#|tKnowledge to action - a knowledge translation casebook |w(CaOODSP)9.670825 |
| 776 | 0#|tDes connaissances à la pratique - recueil de cas d'application des connaissances |w(CaOODSP)9.670826 |
| 856 | 40|ahttp://publications.gc.ca|qPDF|s697 Ko|uhttps://publications.gc.ca/collections/collection_2009/irsc-cihr/MR21-136-2009F.pdf |